Unscramble Words! #3 - Statistics

General Stats
  • This quiz has been taken 131 times
  • The average score is 14 of 15
Answer Stats
Scrambled! Hint! Unscrambled! % Correct
pAlpe I like eating ______. Apple
100%
sHoer I'm gonna take my _____ to the old town road. Horse
99%
hFsi Let's eat _______. Fish
98%
otPho I need to take a _______ of this. Photo
98%
bsruHirha use your _________ to brush your hair! Hairbrush
97%
tBhabtu I going to take a shower at the ________. Bathtub
96%
eKyoabdr You type with a ______. Keyboard
96%
soMue Ew, is that a ______? Mouse
96%
Hta My ___! Hat
95%
oNetokob I'll write that in my _______. Notebook
95%
otoThruhsb use the toothpaste on the _______. Toothbrush
95%
leCanedr What's in the _______ today? Calendar
94%
Pieogn Look at that ______! Pigeon
94%
eaHdonpse I am going to use the ______ to hear it better. Headphones
91%
oLni That ______ is strong. Lion
89%
No matching quizzes found
Score Distribution
Percent of People with Each Score
Percentile by Number Answered
Your Score History
You have not taken this quiz